| 000 | 01766cam a2200361 a 4500 | ||
|---|---|---|---|
| 001 | 17440174 | ||
| 003 | OSt | ||
| 005 | 20211224150042.0 | ||
| 008 | 120823s2014 nyua b 001 0 eng | ||
| 010 | _a 2012034468 | ||
| 020 | _a9780321864949 | ||
| 038 | _aKhadija | ||
| 040 |
_aDLC _cDLC _dDLC |
||
| 042 | _apcc | ||
| 050 | 0 | 0 |
_aPE1475 _b.G47 2014 |
| 082 | 0 | 0 |
_a808.0666 _223 _bCER |
| 100 | 1 |
_aGerson, Steven M., _d1948- _986997 |
|
| 245 | 1 | 0 |
_aTechnical Communication : _bProcess and Product / _cSteven J. Gerson, Sharon M. Gerson. |
| 250 | _a8th ed. | ||
| 260 |
_aNew York : _bPearson, _cc2014. |
||
| 300 |
_axxviii, 590 p. : _bill (some col.) ; _c26 cm. |
||
| 500 | _aSharon Gerson's name appears first in earlier editions. | ||
| 504 | _aIncludes bibliographical references (p. 579-584) and index. | ||
| 505 | 0 | _aAn introduction to technical communication -- The communication process -- Objectives in technical communication -- Audience recognition -- Ethical considerations -- Research -- Routine correspondence -- Social media -- The job search -- Document design -- Using visual aids -- Communicating to persuade -- Technical descriptions and process analyses -- Instructions, user manuals, and standard operating procedures -- Web sites and online help -- Short, informal reports -- Long, formal reports -- Proposals -- Oral presentations. | |
| 563 | _aPB | ||
| 650 | 0 |
_aEnglish language _xTechnical English. _986998 |
|
| 650 | 0 |
_aEnglish language _xRhetoric. _986999 |
|
| 650 | 0 |
_aTechnical writing. _987000 |
|
| 700 | 1 |
_aGerson, Sharon J., _d1948- _987001 |
|
| 906 |
_a7 _bcbc _corignew _d1 _eecip _f20 _gy-gencatlg |
||
| 942 |
_2ddc _cBK |
||
| 999 |
_c33990 _d33990 |
||